banner koha

Although it induces synchronized ovulation, hCG reduces the fertility of Santa Ines ewes submitted to TAI (Registro n. 300924)

MARC details
000 -LÍDER
fixed length control field 04058nab a2200385 i 4500
003 - CÓDIGO MARC DA AGÊNCIA CATALOGADORA
Campo de controle BR-BrBNA
005 - DATA E HORA DA ÚLTIMA ATUALIZAÇÃO
Campo de controle 20240816103516.0
008 - CAMPO DE TAMANHO FIXO
fixed length control field 240816b2018 bl.|r|pooa||| 00| 0 eng |
040 ## - FONTE DA CATALOGAÇÃO
Agência catalogadora BR-BrBNA
Idioma da catalogação eng
072 ## - CATEGORIA AGRIS
Código AGRIS L53
Código do objeto 5240
100 ## - ENTRADA PRINCIPAL - NOME PESSOAL
Nome pessoal Dias, L.M.K.
100 ## - ENTRADA PRINCIPAL - NOME PESSOAL
Nome pessoal Sales, J.N.S.
100 ## - ENTRADA PRINCIPAL - NOME PESSOAL
Nome pessoal Viau, P.
100 ## - ENTRADA PRINCIPAL - NOME PESSOAL
Nome pessoal Barros, M.B.P.
100 ## - ENTRADA PRINCIPAL - NOME PESSOAL
Nome pessoal Nicolau, S.S.
100 ## - ENTRADA PRINCIPAL - NOME PESSOAL
Nome pessoal Simões, L.M.S.
100 ## - ENTRADA PRINCIPAL - NOME PESSOAL
Nome pessoal Alves, N.G.
100 ## - ENTRADA PRINCIPAL - NOME PESSOAL
Nome pessoal Alonso, M.A.
100 ## - ENTRADA PRINCIPAL - NOME PESSOAL
Nome pessoal Valentim, R.
100 ## - ENTRADA PRINCIPAL - NOME PESSOAL
Nome pessoal Oliveira, C.A.
245 ## - TÍTULO PRINCIPAL
Título principal Although it induces synchronized ovulation, hCG reduces the fertility of Santa Ines ewes submitted to TAI
500 ## - NOTA GERAL
Nota geral Publicação online; 40 ref.; Summaries (En, Pt)
942 ## - ADDED ENTRY ELEMENTS (KOHA)
Koha item type
520 ## - NOTA DE RESUMO
Nota de conteúdo <br/><br/>ABSTRACT - The aim of this study was to evaluate hCG treatment on ovarian response and on pregnancy rate using a 9-day oestrus synchronization protocol in Santa Ines ewes. On a random oestrus cycle day, ewes received an intravaginal progesterone device (Primer-PR®<br/>, Tecnopec, Brazil). Nine days later (Day 9), 30µg of dcloprostenol (Prolise® , Syntex, Argentina) and 250IU of eCG (Folligon® , Intervet, Brazil) were administered and the progesterone device was removed. This moment, the ewes were randomly assigned on two groups: Control Group and hCG Group. In the hCG Group, the ewes received 500IU of hCG (Vetecor®, HertapeCalier, Spain) 24h after device removal. In the Control Group, the ewes did not receive any ovulation inductor. Control and hCG Groups ewes were inseminated 60h and 48h after device removal, respectively. There was no difference between the groups regarding the first ovulatory follicle diameter and the second ovulatory follicle. hCG Group ewes had shorter interval between device removal and ovulation (Control: 79.9±15.4h and hCG: 54.7±4.9h; P=0.001) and more synchronized ovulations. However, the treatment with hCG decreased the pregnancy rate after TAI (P=0,009). In conclusion, hCG administration improves ovulatory synchronisation, but causes a decrease in the pregnancy rate.<br/><br/><br/>Keywords: progesterone, follicle, ovulation, synchronization
520 ## - NOTA DE RESUMO
Nota de conteúdo <br/><br/>RESUMO - Avaliou-se o tratamento com hCG na resposta ovariana e na taxa de prenhez utilizando protocolo de sincronização do estro de nove dias em ovelhas Santa Inês. As ovelhas receberam um dispositivo intravaginal de progesterona em fase aleatória do ciclo (dia zero= D0). No momento da remoção do dispositivo (D9), as fêmeas receberam 30µg de d-cloprostenol (Prolise®, Syntex, Argentina) e 250UI de eCG (Folligon®, Intervet, Brasil). Nesse momento, as ovelhas foram aleatoriamente distribuídas em dois grupos de tratamento: controle sem indução de ovulação e tratamento com 500UI hCG para indução de ovulação. As ovelhas dos grupos controle e hCG foram inseminadas 60h e 48h após a remoção do dispositivo, respectivamente. Não houve diferença entre os grupos para o diâmetro do primeiro e do segundo folículo pré-ovulatório. As avelhas do grupo hCG apresentaram menor intervalo entre a remoção do dispositivo e a ovulação (grupo controle: 79.9±15.4h e grupo hCG: 54.7±4.9h; P=0.001) e maior sincronização das ovulações. No entanto, o tratamento com hCG diminuiu a taxa de prenhez após a IATF (P=0,009). Conclui-se que, apesar de a administração de hCG aumentar a sincronização da ovulação, reduz a taxa de prenhez.<br/><br/><br/>Palavras-chave: progesterona, folículo, ovulação, sincronização
650 ## - ASSUNTO - THESAGRO
Cabeçalho tópico ou nome geográfico OVELHA
650 ## - ASSUNTO - THESAGRO
Cabeçalho tópico ou nome geográfico REPRODUÇÃO ANIMAL
650 ## - ASSUNTO - THESAGRO
Cabeçalho tópico ou nome geográfico PROGESTERONA
650 ## - ASSUNTO - THESAGRO
Cabeçalho tópico ou nome geográfico OVULAÇÃO
650 ## - ASSUNTO - THESAGRO
Cabeçalho tópico ou nome geográfico PRENHEZ
650 ## - ASSUNTO - THESAGRO
Cabeçalho tópico ou nome geográfico SINCRONIZAÇÃO DO CIO
773 0# - ENTRADA ANALÍTICA
Host Biblionumber 1643
Registro do item 317174
Imprenta Belo Horizonte-MG Universidade Federal de Minas Gerais - Escola de Veterinaria 1983
Outro identificador 2024-3790
Título Arquivo Brasileiro de Medicina Veterinária e Zootecnia (Brazil)
ISSN 0102-0935
Colação v. 70(1) p. 122-130; (2018)
Número de controle de registro BR2024002281
856 ## - ACESSO E ENDEREÇO ELETRÔNICO
Identificador uniforme de recurso - URI https://www.scielo.br/j/abmvz/a/hwGLxpSJnjs4gJzp9mKBZdr/?format=pdf&lang=en

Nenhum exemplar disponível.

BINAGRI

Telefone: (61)3218-2567/2388/3357/2097 - binagri@agro.gov.br

Ministério da Agricultura e Pecuária , Esplanada dos Ministérios, Bloco D, Anexo B, Brasília/DF, CEP: 70.043-900